Descriptive inorganic, coordination, and solid-state chemistry / (Record no. 18459)

MARC details
000 -LEADER
fixed length control field 01172nam a22003377i 4500
003 - CONTROL NUMBER IDENTIFIER
control field EG-ScBUE
005 - DATE AND TIME OF LATEST TRANSACTION
control field 20250723101624.0
008 - FIXED-LENGTH DATA ELEMENTS--GENERAL INFORMATION
fixed length control field 141016t2012 at a f b 001 0 eng d
020 ## - INTERNATIONAL STANDARD BOOK NUMBER
International Standard Book Number 9781111427153
020 ## - INTERNATIONAL STANDARD BOOK NUMBER
International Standard Book Number 1111427151
040 ## - CATALOGING SOURCE
Original cataloging agency EG-ScBUE
Language of cataloging eng
Description conventions rda
Transcribing agency EG-ScBUE
Modifying agency EG-ScBUE
082 04 - DEWEY DECIMAL CLASSIFICATION NUMBER
Edition number 22
Classification number 541.2242
Item number ROD
100 1# - MAIN ENTRY--PERSONAL NAME
Personal name Rodgers, Glen E.,
9 (RLIN) 36230
Dates associated with a name 1944-
Relator term author.
245 10 - TITLE STATEMENT
Title Descriptive inorganic, coordination, and solid-state chemistry /
Statement of responsibility, etc Glen E. Rodgers, Allegheny College.
250 ## - EDITION STATEMENT
Edition statement Third edition.
250 ## - EDITION STATEMENT
Edition statement International edition.
264 #1 - PUBLICATION, DISTRIBUTION, ETC. (IMPRINT)
Place of publication, distribution, etc Australia :
Name of publisher, distributor, etc Brooks/Cole, Cengage Learning,
Date of publication, distribution, etc [2012]
264 #4 - PUBLICATION, DISTRIBUTION, ETC. (IMPRINT)
Date of publication, distribution, etc c2012
300 ## - PHYSICAL DESCRIPTION
Extent xxviii, 624 pages :
Other physical details illustrations ;
Dimensions 26 cm
336 ## - CONTENT TYPE
Source rdacontent
Content type term text
Content type code txt
337 ## - MEDIA TYPE
Media type term unmediated
Source rdamedia
Media type code n
338 ## - CARRIER TYPE
Carrier type term volume
Carrier type code nc
Source rdacarrier
500 ## - GENERAL NOTE
General note Includes appendix.
504 ## - BIBLIOGRAPHY, ETC. NOTE
Bibliography, etc Includes bibliographical references and index.<br/><br/>
650 #7 - SUBJECT ADDED ENTRY--TOPICAL TERM
Topical term or geographic name as entry element Coordination compounds.
9 (RLIN) 36231
Source of heading or term BUEsh
650 #7 - SUBJECT ADDED ENTRY--TOPICAL TERM
Topical term or geographic name as entry element Solid state chemistry.
9 (RLIN) 1871
Source of heading or term BUEsh
650 #7 - SUBJECT ADDED ENTRY--TOPICAL TERM
Topical term or geographic name as entry element Chemistry, Inorganic.
9 (RLIN) 6017
Source of heading or term BUEsh
653 ## - INDEX TERM--UNCONTROLLED
Resource For college Engineering, Chemical
Arrived date list October2014
655 ## - INDEX TERM--GENRE/FORM
Form subdivision Reading book
9 (RLIN) 33728
942 ## - ADDED ENTRY ELEMENTS (KOHA)
Source of classification or shelving scheme Dewey Decimal Classification
Koha item type Book - Borrowing
Holdings
Withdrawn status Lost status Source of classification or shelving scheme Damaged status Not for loan Collection code Home library Current library Shelving location Date acquired Source of acquisition Cost, normal purchase price Total Checkouts Full call number Barcode Date last seen Cost, replacement price Koha item type
    Dewey Decimal Classification     Baccah Central Library Central Library First floor 16/10/2014 Purchase 260.00   541.2242 ROD 000036689 15/07/2025 325.00 NB - Book (Non borrowing)
    Dewey Decimal Classification     Baccah Central Library Central Library First floor 16/10/2014 Purchase 260.00   541.2242 ROD 000036690 15/07/2025 325.00 Book - Borrowing
    Dewey Decimal Classification     Baccah Central Library Central Library First floor 16/10/2014 Purchase 260.00   541.2242 ROD 000036691 15/07/2025 325.00 Book - Borrowing